| 000 | 00611nam a22001577a 4500 | ||
|---|---|---|---|
| 003 | OSt | ||
| 005 | 20150911095410.0 | ||
| 008 | 150911b xxu||||| |||| 00| 0 eng d | ||
| 040 | _cRUA | ||
| 082 | _aAGR លី 1995 B014 Or.1 | ||
| 100 |
_9281 _aលី សុមនា |
||
| 245 | _aប្រសិទ្ធិភាពនៃការប្រើប្រាស់អំបិលសមុទ្រលើការដុះលូតលាស់របស់ដំណាំស្រូវនៅលើដីខ្សាច់ | ||
| 260 |
_aPhnom Penh _bRUA _c1995 |
||
| 300 |
_a79p. _bill. _c29cm. |
||
| 942 |
_2ddc _cAGR |
||
| 999 |
_c261 _d261 |
||